00919nam a2200217 a 4500008004100000020002200041245022600063246004400289260007300333300002500406504004100431650002100472650004300493650002600536651004700562651004300609700002200652003000100674005001700675040000900692  a0850923751 (pbk.)00aChange for the better :bglobal change and economic development :breport /cby a commonwealth group of experts on the impact of global economic and political change on the development process /cArthur Brown... [et al.].30aGlobal change and economic development. aLondon :bEconomic Affairs Division, Commonwealth Secretariat,c1991 ax, 189 p. ;c21 cm. aIncludes bibliographical references. 0aEconomic policy. 0aTechnological innovationsxManagement. 0aEconomic development. 0aDeveloping countriesxEconomic conditions. 0aDeveloping countriesxEconomic policy.1 aBrown, G. Arthur.20230123133336.0 cNUST